Music Quiz

Random Music or Classical Quiz

Music Words in Book Titles Quiz Stats

 Plays Quiz Updated Jan 14, 2018

Challenge
Share
Tweet
Embed
Score 0/30 Timer 07:00
3 Plays Today
% Correct
Wind
93.8%
Twist
93.3%
Triangle
92.5%
Drum
91.4%
Country
90.6%
Band
90.5%
Pitch
87.4%
Blues
86.2%
Pick
84.6%
Pop
79.8%
Sound
79.7%
Jam
77.5%
Playlist
77.3%
Measure
74.3%
Stones
74.1%
% Correct
Mandolin
73.7%
Rest
72%
Instrument
70.1%
Beat
70.1%
Whistle
69.7%
Flat
66.3%
Notes
66.1%
Lesson
64.7%
Rock
63.1%
March
61.8%
Piano
61.7%
Trumpet
59.4%
Harp
44.6%
Doors
43.9%
Speaker
32.8%

You're not logged in!

Compare scores with friends on all Sporcle quizzes.
Join for Free
OR
Log In

You Might Also Like...

Show Comments

Extras

Top Quizzes Today


Score Distribution

Your Account Isn't Verified!

In order to create a playlist on Sporcle, you need to verify the email address you used during registration. Go to your Sporcle Settings to finish the process.

Report this User

Report this user for behavior that violates our Community Guidelines.

Details: